Možnosti využitia RFID v oblasti služieb

Gespeichert in:
Bibliographische Detailangaben
1. Verfasser: Horváth, Igor, 1985- (Verfasst von)
Weitere Verfasser: Mišota, Branislav, 1977- (Betreuung Doktorarbeit)
Format: Manuskript Buch
Sprache:Slowakisch
Veröffentlicht: Bratislava : STU v Bratislave FEI, 2012
Schlagworte:
Online-Zugang:VAIS
Tags: Tag hinzufügen
Keine Tags, Fügen Sie das erste Tag hinzu!

MARC

LEADER 00000ntm a22000003a 4500
001 stu252054
005 20150617230228.1
008 120720s2012----xo------------------slo-d
040 |a STU  |b slo 
041 0 |a slo 
044 |a xo 
100 1 |a Horváth, Igor,  |d 1985-  |4 aut  |u E  |T FEI Fakulta elektrotechniky a informatiky  |X 11400  |U E  |Y 30  |7 A000011400 
242 0 0 |a Utilization possibilities of RFID in services  |y eng 
245 1 |a Možnosti využitia RFID v oblasti služieb 
260 |a Bratislava :  |b STU v Bratislave FEI,  |c 2012 
300 |a 66 s  |c CD-ROOM 
650 7 |a Telecommunications  |2 estusub 
700 1 |a Mišota, Branislav,  |d 1977-  |4 ths  |u R2020  |U Ostatné univerzitné pracoviská  |T Ústav manažmentu STU  |X 10004  |U R2020  |Y 232  |7 A000010004 
856 4 |a info a plný text  |u http://is.stuba.sk/zp/portal_zp.pl?podrobnosti=71709  |3 VAIS 
996 |b 284EP10215  |c E*DIPL-10215  |l EE37  |s P  |a 0  |w stu252054_0001